000 00604nam a22002297a 4500
999 _c7749
_d7749
001 7749
003 BD-JhCC
005 20180213161906.0
008 180213s2007 ii ao||| |||| 00| 0 eng d
020 _a8121926084
035 _a(BD-JhCC)7749
040 _aBD-JhCC
_dBD-JhCC
041 _aeng
082 _a660.4
_bDUB 2007
100 _aDubey, R. C.
245 _aA Textbook Of Biotechnology /
_cR. C. Dube
260 _aIndia :
_bS. Chand & Company LTD,
_c2007.
300 _a702 p. :
_bill.;
_c24.5 cm.
504 _aIncludes Reference Includes Index
650 _aBiotechnology
942 _2ddc
_cBK